000 01158cam a2200337 i 4500
999 _c63897
_d63897
001 63897
003 Mx-PuUPA
005 20240410104103.0
008 160204s2010 sp a gr 001 0 spa d
020 _a9788492810024
040 _aMx-PuUPA
_bspa
_cMx-PuUPA
_dMx-PuUPA
_erda
041 1 _aspa
_heng
100 1 _aRaymond, Martin,
_eautor
_91488
240 1 4 _aThe trend forecaster's.
_lEspañol
245 1 0 _aTendencias :
_bqué son, cómo identificarlas, en qué fijarnos, cómo leerlas /
_cMartin Raymond ; traductora, Alicia Martínez Yuste
250 _aPrimera edición
264 1 _aBarcelona, España :
_bPromopress,
_c©2010
300 _a214 páginas :
_bilustraciones (alguna en color) ;
_c28 cm.
336 _atexto
_2rdacontent
_btxt
337 _asin medio
_2rdamedia
_bc
338 _avolumen
_2rdacarrier
_bcr
650 4 _aIntuición
650 4 _aPercepción
650 4 _aAptitud creadora
655 _aLibros electrónicos
765 0 8 _aRaymond, Martin,
_tThe trend forecaster's.
856 _yAcceso a través de OvidEspañol
942 _2ddc
_cLI
_h153.4
_iR263